Carlos Garaicoa : (Record no. 792)
[ view plain ]
| 000 -LEADER | |
|---|---|
| campo de control de longitud fija | 01636mam a2200385 a 4500 |
| 001 - NÚMERO DE CONTROL | |
| campo de control | 3100705 |
| 005 - FECHA Y HORA DE LA ÚLTIMA TRANSACCIÓN | |
| campo de control | 20220326193338.0 |
| 008 - DATOS DE LONGITUD FIJA--INFORMACIÓN GENERAL | |
| campo de control de longitud fija | 010601s2000 ck a b 000 p spa d |
| 020 ## - NÚMERO INTERNACIONAL ESTÁNDAR DEL LIBRO | |
| Número Internacional Estándar del Libro | 9586640434 |
| 035 ## - NÚMERO DE CONTROL DEL SISTEMA | |
| Número de control de sistema | (OCoLC)47049741 |
| 035 ## - NÚMERO DE CONTROL DEL SISTEMA | |
| Número de control de sistema | (NNC)3100705 |
| 040 ## - FUENTE DE CATALOGACIÓN | |
| Centro catalogador/agencia de origen | NN |
| Centro/agencia transcriptor | NN |
| 041 0# - CÓDIGO DE IDIOMA | |
| Código de lengua del texto/banda sonora o título independiente | spaeng |
| 082 ## - NÚMERO DE LA CLASIFICACIÓN DECIMAL DEWEY | |
| Número de clasificación | 709.040.75 |
| Número de ítem | G212r |
| 100 1# - ENTRADA PRINCIPAL--NOMBRE DE PERSONA | |
| Nombre de persona | Garaicoa, Carlos. |
| 9 (RLIN) | 4224 |
| 245 10 - MENCIÓN DEL TÍTULO | |
| Título | Carlos Garaicoa : |
| Resto del título | La ruina, la utopía / |
| Mención de responsabilidad, etc. | José Ignacio Roca [curador] |
| 246 30 - FORMA VARIANTE DEL TITULO | |
| Título propio/Titulo breve | Ruina, la utopía |
| 260 ## - PUBLICACIÓN, DISTRIBUCIÓN, ETC. | |
| Lugar de publicación, distribución, etc. | Bogotá D.C. : |
| Nombre del editor, distribuidor, etc. | Banco de la República, Biblioteca Luis Angel Arango, |
| Fecha de publicación, distribución, etc. | 2000. |
| 300 ## - DESCRIPCIÓN FÍSICA | |
| Extensión | 118 p. : |
| Otras características físicas | ill. (col.) ; |
| Dimensiones | 28 cm. |
| 500 ## - NOTA GENERAL | |
| Nota general | Catalog of an exhibition held at the Biblioteca Luis Angel Arango, Casa de Moneda, Bogotá D.C., Colombia, June 14-Aug. 20, 2000. |
| 504 ## - NOTA DE BIBLIOGRAFÍA, ETC. | |
| Nota de bibliografía, etc. | Includes bibliographical references (p. 93). |
| 505 ## - NOTA DE CONTENIDO CON FORMATO | |
| Título | La ruina; La utopia |
| Mención de responsabilidad | Jose Ignacio Roca. |
| Título | El espejo del deseo |
| Mención de responsabilidad | Eugenio Valdes Figueroa |
| Título | Catalogo |
| -- | Cuando el deseo se parece a nada |
| Mención de responsabilidad | Coco Fusco |
| Título | Carlos Garaicoa: Proyectar un paisaje |
| Mención de responsabilidad | Virginia Perez-Ratton |
| Título | curriculum vitae |
| -- | Lista de obras |
| 546 ## - NOTA DE IDIOMA | |
| Nota de lengua/lenguaje | In Spanish and English. |
| 600 10 - PUNTO DE ACCESO ADICIONAL DE MATERIA--NOMBRE DE PERSONA | |
| Nombre de persona | Garaicoa, Carlos |
| Subdivisión de forma | Exhibitions. |
| 9 (RLIN) | 4226 |
| 650 #0 - PUNTO DE ACCESO ADICIONAL DE MATERIA--TÉRMINO DE MATERIA | |
| Término de materia o nombre geográfico como elemento de entrada | Environment (Art) |
| Subdivisión de forma | Exhibitions. |
| 9 (RLIN) | 668 |
| 650 #0 - PUNTO DE ACCESO ADICIONAL DE MATERIA--TÉRMINO DE MATERIA | |
| Término de materia o nombre geográfico como elemento de entrada | Medio Ambiente (Arte) |
| 9 (RLIN) | 4265 |
| 650 #0 - PUNTO DE ACCESO ADICIONAL DE MATERIA--TÉRMINO DE MATERIA | |
| Término de materia o nombre geográfico como elemento de entrada | Exhibiciones |
| Subdivisión geográfica | Cuba |
| 9 (RLIN) | 4266 |
| 650 #0 - PUNTO DE ACCESO ADICIONAL DE MATERIA--TÉRMINO DE MATERIA | |
| Término de materia o nombre geográfico como elemento de entrada | Arte Conceptual |
| Subdivisión de forma | Exhibiciones |
| Subdivisión geográfica | Cuba |
| 9 (RLIN) | 4267 |
| 700 1# - ENTRADA AGREGADA--NOMBRE PERSONAL | |
| Nombre de persona | Roca, José Ignacio [curador] |
| 9 (RLIN) | 4229 |
| 700 1# - ENTRADA AGREGADA--NOMBRE PERSONAL | |
| Nombre de persona | Pérez-Ratton, Virginia |
| 9 (RLIN) | 580 |
| 700 1# - ENTRADA AGREGADA--NOMBRE PERSONAL | |
| Nombre de persona | Valdés Figueroa, Eugenio |
| 9 (RLIN) | 4305 |
| 700 1# - ENTRADA AGREGADA--NOMBRE PERSONAL | |
| Nombre de persona | Fusco, Coco |
| 9 (RLIN) | 3691 |
| 710 2# - ENTRADA AGREGADA--NOMBRE DE ENTIDAD CORPORATIVA | |
| Nombre de entidad corporativa o nombre de jurisdicción como elemento de entrada | Biblioteca Luis-Ángel Arango. |
| 9 (RLIN) | 4230 |
| Estatus retirado | Estado de pérdida | Fuente del sistema de clasificación o colocación | Estado de daño | No para préstamo | Biblioteca de origen | Biblioteca actual | Ubicación en estantería | Fecha de adquisición | Total de préstamos | Signatura topográfica completa | Código de barras | Visto por última vez | Precio de reemplazo | Tipo de ítem Koha |
|---|---|---|---|---|---|---|---|---|---|---|---|---|---|---|
| Clasificación Decimal Dewey | Biblioteca LadoV | Biblioteca LadoV | 25/11/2015 | 709.040.75 G212r | 000779 | 25/11/2015 | 25/11/2015 | Material 01 |
